| 000 | 03517cam a2200421 i 4500 | ||
|---|---|---|---|
| 001 | 20889062 | ||
| 003 | NUST | ||
| 005 | 20240604152656.0 | ||
| 008 | 190313t20192019caua b 100 0 eng c | ||
| 010 | _a 2019011992 | ||
| 020 | _a9781606066188 | ||
| 038 | _aMalang Jan | ||
| 040 |
_aJPG/DLC _beng _erda _cJPG _dDLC |
||
| 042 | _apcc | ||
| 050 | 0 | 0 |
_aCC135 _b.V34 2017 |
| 082 | 0 | 0 |
_a363.69 _223 |
| 111 | 2 |
_aValues in heritage management _d(2017 : _cGetty Conservation Institute), _jauthor. _9123204 |
|
| 245 | 0 | 0 |
_aValues in heritage management : _bemerging approaches and research directions / _cedited by Erica Avrami, Susan Macdonald, Randall Mason, and David Myers. |
| 250 | _aFirst edition. | ||
| 264 | 1 |
_aLos Angeles : _bThe Getty Conservation Institute, _c2019. |
|
| 264 | 4 | _c©2019 | |
| 300 |
_ax, 245 pages : _billustrations ; _c26 cm |
||
| 336 |
_atext _2rdacontent |
||
| 337 |
_aunmediated _2rdamedia |
||
| 338 |
_avolume _2rdacarrier |
||
| 504 | _aIncludes bibliographical references (pages 226-238). | ||
| 505 | 0 | _aForeword / Jeanne Marie Teutonico -- Background -- Introduction / Erica Avrami, Susan Macdonald, Randall Mason, and David Myers -- Mapping the Issue of Values / Erica Avrami and Randall Mason -- Perspectives from the Field -- Spatializing Values in Heritage Conservation: The Potential of Cultural Mapping / Erica Avrami -- Heritage Work: Understanding the Values, Applying the Values / Kristal Buckley -- The Shift toward Values in UK Heritage Practice / Kate Clark -- Understanding Values of Cultural Heritage within the Framework of Social Identity Conflicts / Karina V. Korostelina -- The Contemporary Values behind Chinese Heritage / Kuanghan Li -- Values-Based Management and the Burra Charter: 1979, 1999, 2013 / Richard Mackay -- Is Conservation of Cultural Heritage Halal? Perspectives on Heritage Values Rooted in Arabic-Islamic Traditions / Hossam Mahdy -- Changing Concepts and Values in Natural Heritage Conservation: A View through IUCN and UNESCO Policies / Josep-Maria Mallarach and Bas Verschuuren -- Valuing Traumatic Heritage Places as Archives and Agents / Randall Mason -- Values and Relationships between Tangible and Intangible Dimensions of Heritage Places / Ayesha Pamela Rogers -- The Paradox of Valuing the Invaluable: Managing Cultural Values in Heritage Places / Tara Sharma -- Heritage Economics: Coming to Terms with Value and Valuation / David Throsby -- From the Inside Looking Out: Indigenous Perspectives on Heritage Values / Joe Watkins -- Appendix: Conclusions and Recommendations of the Symposium Participants -- Further Readings in Heritage Values. | |
| 520 | _a"This scholarly edited volume examines recent approaches to values-based heritage management and suggests avenues for further research"--Provided by publisher. | ||
| 650 | 0 |
_aHistoric preservation. _9120822 |
|
| 650 | 0 |
_aCultural property _xProtection. _9123205 |
|
| 700 | 1 |
_aAvrami, Erica C., _eeditor. _9123206 |
|
| 710 | 2 |
_aGetty Conservation Institute, _eissuing body, _ehost institution, _eorganizer. _9123207 |
|
| 776 | 0 | 8 |
_iOnline version: _aValues in heritage management (2017 : Getty Conservation Institute), author. _tValues in heritage management _dLos Angeles, California : The Getty Conservation Institute, [2019] _z9781606066201 _w(DLC) 2019013650 |
| 906 |
_a7 _bcbc _corignew _d1 _eecip _f20 _gy-gencatlg |
||
| 942 |
_2ddc _cBK |
||
| 999 |
_c609470 _d609470 |
||